| 000 | 01177nam a2200301 c 4500 | ||
|---|---|---|---|
| 999 |
_c2918 _d2918 |
||
| 003 | BLK | ||
| 005 | 20220727153300.0 | ||
| 008 | 180412b bul|||||r ||||||| ||bul|| | ||
| 010 | _aKNG00003949000 | ||
| 040 | _aBLK | ||
| 041 |
_aBUL _cBUL |
||
| 080 |
_aСлавянски и балтийски езици _b811.16/.17 _x(075.8) _z811.16/.17(075.8) |
||
| 139 |
_aСлавянски езици _bС 44 |
||
| 245 | 1 | 0 |
_aСлавянски езици _bКратки характеристики, образци и речници : Учебник за студентите от слав., бълг. и рус. филология _cпод ред. на Иван Димитров Леков. |
| 257 | _aBGR | ||
| 260 |
_aСофия _bНаука и изкуство _c1972 |
||
| 300 |
_a164 с. _c21 см |
||
| 380 | _a80 | ||
| 650 | 4 |
_aСлавянски езици _9245181 |
|
| 653 | _aезикознание | ||
| 653 | _aславянски езици | ||
| 700 | 1 |
_aЛеков, Иван Димитров _eпод ред. на _9363512 |
|
| 852 |
_aЦб 64348 _bЦб |
||
| 856 | 4 |
_qpdf _u |
|
| 856 | 4 |
_qpdf _u |
|
| 942 |
_cKNG _n0 _01 _s1 |
||
| 944 |
_aCR _c15.01.2003 _kКети_Илиева |
||
| 944 |
_aED _c12.01.2013 |
||
| 944 |
_aED _c2022-07-27 |
||
| 999 | _d2918 | ||